000 01212cam a22003497a 4500
003 CHAP
005 20220329141419.0
008 971013s1974 r 00010 d
010 _a67773
011 _a68745
035 _a78218
040 _cCHAP
090 _aTesis
100 0 0 _aGarcía Calderón, Rafael.
_945799
245 0 _aEstudio agroeconómico y social del ejido Cuautlita, Municipio de Tetecala, Mor.
260 _aCd. Juárez, Chih. :
_bEl autor,
_c1974
300 _a55 h.
_b: ilus.
502 _aTesis (Ing. Agrónomo) -- Escuela Superior de Agricultura Hermanos Escobar
590 _aALEPH
_b10
_c20130110
_lUCH01
_h1403
590 _aBATCH-UPD
_b10
_c20130110
_lUCH01
_h0457
590 _aBATCH-UPD
_b10
_c20130110
_lUCH01
_h2142
590 _aBATCH-UPD
_b10
_c20130410
_lUCH01
_h0134
590 _aBATCH-UPD
_b10
_c20130914
_lUCH01
_h1250
590 _aCONVERSION
_b10
_c20130109
_lUCH01
_h1337
650 1 4 _aAgricultura
_xAspectos economicos
_xMorelos.
_91274
650 1 4 _aEjido Cuautlita, Mor.
_935862
650 1 4 _aMorelos
_xCondiciones sociales.
_978527
650 1 4 _aTierras
_xTenencia
_xMorelos.
_9113183
901 _aBK
942 _cTESIS
949 _bBC
_cTES
_d-31092
_eTS1
_h19636
_i78218
_si
999 _c67773
_d67773